[Event "25th European Club Cup Women 2021"]
[Site "Struga"]
[Date "2021.09.20"]
[Round "3.11"]
[White "Mehmed, Elif"]
[Black "Osmak, Iulija"]
[Result "0-1"]
[WhiteElo "2260"]
[BlackElo "2428"]
[Annotator "TA"]
[PlyCount "176"]
[EventDate "2021.09.18"]
[EventType "team-tourn"]
[EventCountry "MKD"]
[SourceTitle "playchess.com"]
[Source "ChessBase"]
[SourceQuality "1"]

{[%evp 19,176,20,31,0,18,0,0,-22,-14,-33,-31,-19,-27,-49,-43,-57,-23,-34,-12,
-16,-15,-19,-8,-10,0,0,0,-46,-45,-68,-55,-58,-40,-36,-31,-32,-37,-40,-40,-44,
-42,-48,-48,-46,-45,-46,-46,-51,-43,-45,-40,-46,-40,-40,-40,-40,-10,-96,0,-96,
-96,-96,-96,-96,-95,-95,-95,-93,0,-11,-8,-3,-15,-94,-87,-93,-71,-73,-73,-73,
-90,-107,-88,-82,-85,-130,-110,-105,-97,-105,-105,-164,-161,-157,-164,-164,
-144,-154,-154,-161,-161,-161,-164,-236,-238,-225,-161,-161,-161,-161,-141,
-223,-200,-246,-244,-243,-243,-238,-238,-211,-97,-107,-106,-98,-80,-95,-83,
-161,0,-27,0,-161,-161,-570,-570,-541,-527,-1242,-1208,-947,-691,-1888,-1919,
-1763,-1501,-2254,-839,-4682,-2650,-29975,-29976,-29964,-29962,-29990,-29991,
-29991,-29990,-29990,-29991]} 1. e4 {ChessBase} e6 2. d4 d5 3. Nd2 c5 4. exd5
Qxd5 5. Ngf3 cxd4 6. Bc4 Qd6 7. O-O Nf6 8. Nb3 Nc6 9. Nbxd4 Nxd4 10. Nxd4 Be7
11. b3 {C07: French Tarrasch: 3...c5, 4 Ngf3 and 4 exd5 Qxd5.} O-O 12. Bb2 Qf4
13. Nf3 {The position is equal.} b6 14. Be5 {[#]} Qf5 $146 ({Predecessor:} 
14... Qg4 15. Nd4 Qxd1 16. Raxd1 Bb7 17. Nb5 Bc5 18. Bd6 Bxd6 19. Rxd6 Rfc8 20.
Rfd1 Kf8 {1/2-1/2 (20) Tal,M (2615)-Petrosian,T (2635) Varese 1976 IZT 
[ChessBase]}) 15. Bd3 Qh5 16. Qe2 Bb7 17. Nd4 Ng4 {Hoping for ...Bf6.} (17...
Qg4 {seems wilder.} 18. Nf3 Rac8 19. h3 Qh5 20. Nd4 Rc5) 18. Bg3 {[#] With the
idea Nxe6!} Qd5 {[%csl Gb7][%cal Rd5g2]} 19. Nf3 Rad8 20. Rad1 {Black must now
prevent Bxh7+!} Qc6 21. Bb5 Qe4 (21... Qc8 {looks sharper.} 22. Ne5 Nxe5 23.
Bxe5 f6 24. Bg3 e5) 22. Qxe4 Bxe4 23. Rxd8 (23. Nd4 {is interesting.} Nf6 24.
Ba6 Bc5 25. c3 h6 26. Rfe1) 23... Rxd8 24. Ne1 Bb7 25. Bd3 Bf6 26. Nf3 Bxf3 27.
gxf3 Ne5 28. Bxe5 Bxe5 $15 {[%mdl 4096] Endgame KRB-KRB} 29. Rd1 {Threatens to
win with Bxh7+!} Kf8 30. Be2 Rc8 31. Bc4 Ke7 32. a4 Rc5 33. h3 Bd6 34. Kf1 g6
35. Kg2 Bf4 36. Rd4 Rg5+ 37. Kf1 Bh2 38. Bb5 (38. f4 $11 {remains equal.} Rf5
39. Bb5) 38... Rg1+ $1 $17 39. Ke2 Bd6 40. Rd1 Rg2 41. f4 {And now Kf3 would
win.} Rh2 (41... Bxf4 $2 42. Kf3 $18) 42. Rd3 a5 43. Bc6 Bxf4 (43... Bc5 $1 $17
44. Rf3 Bd6) 44. Kf1 $11 g5 45. Bg2 h5 46. f3 (46. Rd4 $11 {keeps the balance.}
) 46... f5 $17 47. c3 g4 (47... Bd6 {is more complex.} 48. Kg1 Be5 49. Re3 Bf4
50. Rd3 g4) 48. fxg4 hxg4 49. hxg4 fxg4 50. b4 Rh5 51. Rd4 Rf5 52. Be4 Rf6 53.
Kg2 Bd6 54. bxa5 bxa5 55. Rc4 (55. Bc6 $17) 55... g3 $19 56. Bf3 Rh6 57. Kf1
Rh2 {Strongly threatening ...Rf2+.} 58. Bg2 Rh8 59. Bf3 Rb8 60. Re4 Kf6 61. Bg4
(61. Kg2 $142) 61... Be5 62. Kg2 Rb3 63. Re3 Rb2+ (63... Rxc3 64. Rxc3 Bxc3 65.
Kxg3 $15) (63... Bxc3 64. Rxe6+ Kg5 65. Bf3 $11) 64. Re2 Rb6 ({Don't play} 
64... Bxc3 65. Rxb2 Bxb2 66. Kxg3 $15) 65. Re4 (65. Rc2 $17) 65... Rd6 ({
Much less strong is} 65... Bxc3 66. Kxg3 e5 67. Rc4 $17) 66. Re3 Bf4 67. Re2
Rc6 68. c4 e5 ({Don't take} 68... Rxc4 69. Bxe6 Rxa4 70. Bd5) 69. Rc2 Rc5 (
69... e4 $1 $19 70. Bd7 Rc5) 70. Kf3 {[#]} Ke7 $1 71. Bh3 Kd6 72. Bg2 Rc7 73.
c5+ (73. Ke4 $17) 73... Kd5 $2 (73... Rxc5 $19 74. Rxc5 Kxc5) 74. c6 Kd4 (74...
Rf7 $5 {[%cal Re5e4]}) 75. Bf1 $2 {[#]} (75. Kg4 $1 $11 {and White is okay.})
75... Rf7 $1 76. Bc4 $2 (76. Ke2 e4 77. Bg2) 76... e4+ 77. Kg4 Rf8 78. Bf1 Bc7
79. Rd2+ Ke5 80. Bg2 Rg8+ 81. Kh5 e3 82. Rd3 Kf4 (82... Kf5 $142 83. Bh3+ Ke4)
83. Rd4+ Kf5 {[%cal Rg8h8]} 84. Rd5+ Be5 {[%cal Rg8h8] Black mates.} 85. Bh3+
Kf4 86. Bg2 e2 87. Rd3 Rh8+ 88. Kg6 e1=Q {Weighted Error Value: White=0.14/
Black=0.08} 0-1

[Event "25th European Club Cup Women 2021"]
[Site "Struga"]
[Date "2021.09.20"]
[Round "3.12"]
[White "Buksa, Nataliya"]
[Black "Krasteva, Beloslava"]
[Result "0-1"]
[WhiteElo "2417"]
[BlackElo "2217"]
[Annotator "NA"]
[PlyCount "58"]
[EventDate "2021.09.18"]
[EventType "team-tourn"]
[EventCountry "MKD"]
[SourceTitle "playchess.com"]
[Source "ChessBase"]
[SourceQuality "1"]
[TimeControl "40/5400+30:1800+30"]

1. e4 {[%emt 0:00:02]} c5 {[%emt 0:00:11]} 2. Nf3 {[%emt 0:00:06]} d6 {[%emt 0:
00:05]} 3. d4 {[%emt 0:00:03]} cxd4 {[%emt 0:00:04]} 4. Nxd4 {[%emt 0:00:02]}
Nf6 {[%emt 0:00:08]} 5. Nc3 {[%emt 0:00:04]} a6 {[%emt 0:00:05]} 6. h3 {
[%emt 0:00:15]} e6 {[%emt 0:00:09]} 7. g4 {[%emt 0:00:05]} Be7 {[%emt 0:00:04]}
8. g5 {[%emt 0:00:06]} Nfd7 {[%emt 0:00:05]} 9. h4 {[%emt 0:00:04]} b5 {
[%emt 0:00:46]} 10. a3 {[%emt 0:00:04]} Bb7 {[%emt 0:00:06]} 11. Be3 {[%emt 0:
00:05]} Nc6 {[%emt 0:00:10]} 12. Rg1 {[%emt 0:00:04]} Rc8 {[%emt 0:02:44]} 13.
f4 {[%emt 0:00:13]} O-O {[%emt 0:00:45]} 14. h5 {[%emt 0:00:11]} Na5 {[%emt 0:
01:16]} 15. h6 {[%emt 0:18:09]} g6 {[%emt 0:02:46]} 16. f5 {[%emt 0:08:23]}
exf5 {[%emt 0:03:29]} 17. exf5 {[%emt 0:00:58]} Re8 {[%emt 0:05:00]} 18. Kf2 {
[%emt 0:05:47]} Nc4 {[%emt 0:07:01]} 19. Bxc4 {[%emt 0:12:52]} Rxc4 {[%emt 0:
00:10]} 20. Nf3 {[%emt 0:08:09]} Qc8 {[%emt 0:05:03]} 21. Nd5 {[%emt 0:09:43]}
Bd8 {[%emt 0:19:27]} 22. c3 {[%emt 0:19:18]} Ne5 {[%emt 0:04:56]} 23. fxg6 {
[%emt 0:07:56]} fxg6 {[%emt 0:02:03]} 24. Nxe5 {[%emt 0:00:16]} Rxe5 {[%emt 0:
01:57]} 25. Nf4 {[%emt 0:01:11]} Bb6 {[%emt 0:04:50]} 26. Bd4 {[%emt 0:01:59]}
Bxd4+ {[%emt 0:02:08]} 27. cxd4 {[%emt 0:00:04]} Rc2+ {[%emt 0:00:16]} 28. Kf1
{[%emt 0:00:03]} Qc4+ {[%emt 0:01:35]} 29. Nd3 {[%emt 0:00:40]} Qf7+ {[%emt 0:
01:47]} 0-1

[Event "25th European Club Cup Women 2021"]
[Site "Struga"]
[Date "2021.09.20"]
[Round "3.13"]
[White "Peycheva, Gergana"]
[Black "Shuvalova, Polina"]
[Result "1-0"]
[WhiteElo "2331"]
[BlackElo "2510"]
[Annotator "TA"]
[PlyCount "137"]
[EventDate "2021.09.18"]
[EventType "team-tourn"]
[EventCountry "MKD"]
[SourceTitle "playchess.com"]
[Source "ChessBase"]
[SourceQuality "1"]

{[%evp 24,137,4,0,33,25,38,26,30,42,28,18,33,10,18,5,15,13,23,-6,0,0,12,-43,18,
0,0,0,0,0,0,6,16,16,32,-64,-70,-57,0,0,0,0,0,0,0,0,93,97,122,128,342,337,322,
329,493,358,345,336,317,231,208,47,219,224,264,222,225,218,553,551,573,556,723,
719,664,646,768,763,1797,1827,29956,29950,5949,5065,970,950,29968,29971,29967,
29970,29995,29989,29990,29990,29990,0,29988,29971,29970,929,29969,29970,29963,
1580,1578,1377,4132,1010,947,851,907,852,29952,11920,7117,5314]} 1. d4 d5 2. c4
e6 3. Nf3 Nf6 4. g3 Bb4+ 5. Bd2 Be7 6. Bg2 O-O 7. O-O Nbd7 8. Qc2 c6 9. Rd1 b6
10. Bf4 Bb7 11. Ne5 Nh5 12. Bc1 Nhf6 13. Bf4 Nxe5 {E08: Closed Catalan: Main
Line: 7 Qc2.} 14. dxe5 Nd7 15. cxd5 exd5 {White has an edge.} 16. e4 {[%cal
Re4d5]} d4 17. Rxd4 {Black must now prevent Bh3.} Bc5 $1 {[%cal Rc5d4]} 18. Rd1
Qe7 {[#]} 19. a3 $146 {Hoping for b4.} ({Predecessor:} 19. Nc3 Nxe5 20. Qe2
Rad8 21. Rxd8 Rxd8 22. Rd1 Rxd1+ 23. Qxd1 g5 24. Bxe5 Qxe5 25. Qd7 Qf6 26. Nd1
Ba6 27. Bf1 Bxf1 28. Kxf1 {0-1 (50) Sethuraman,S (2631)-Ganguly,S (2642) Dubai
2018}) 19... Nxe5 20. b4 Bd6 21. Nc3 Rad8 22. Ne2 c5 23. b5 (23. Nc3 $11) 23...
f5 (23... Qf6 $15) 24. Nc3 g5 25. Bxe5 Bxe5 26. Rxd8 Rxd8 27. exf5 Bxg2 28.
Kxg2 Qb7+ 29. Kg1 ({White must play} 29. f3 $14) 29... Qf3 $1 $15 {[%mdl 1024]
Black has compensation.} 30. Rd1 $1 {[%cal Rd1d8]} Rf8 ({Better is} 30... Bd4
$1 $15 31. Ne4 Qxf5) 31. Nd5 $11 Bd4 32. Ne7+ Kg7 {Threatens to win with ...
Bxf2+!} 33. Re1 c4 34. Qd2 $36 {[%mdl 2048] Black is under pressure.} Bf6 (
34... Bc5 $1 $11 35. Nc6 Kh8) 35. Re3 $1 $16 {[%cal Re3f3]} Qb7 36. Nc6 a6 $2 (
36... c3 $16 37. Rxc3 Bxc3 38. Qxc3+ Kg8) 37. Nd4 $18 Kh8 38. Ne6 Ra8 (38...
Rc8 $142 39. Qd6 Qe7 40. Nxg5 (40. Qxb6 axb5 41. Nxg5 Qf8 $18) (40. Qxe7 Bxe7
41. bxa6 Bf6 $16) 40... Qxd6 41. Nf7+ {[%mdl 64] Double Attack} Kg8 42. Nxd6
Ra8 43. Nxc4 axb5) 39. bxa6 Qc6 {[#]} 40. Rc3 $1 b5 (40... Kg8 41. h4) 41. Nxg5
Qxa6 {[#]} 42. Rc1 $2 ({White should play} 42. Ne4 $1 $18) 42... Qc6 (42...
Qxa3 $14 43. Ne4 Qxc1+ 44. Qxc1 Ra1 45. Qxa1 Bxa1) 43. h4 Rxa3 44. Nf7+ Kg7 {
[#]} 45. Nd8 {[%cal Rd8c6]} Bxd8 (45... Qe8 {is a better chance.} 46. Ne6+ Kg8)
46. Qb2+ Bf6 47. Qxa3 {[%mdl 4096] Endgame KQR-KQB} Qd7 48. Qf3 c3 49. Rd1 Qc7
50. Qe4 Qe5 51. Rd7+ Kh6 52. Qb4 Qxf5 53. Qf8+ Kh5 54. Qe8+ Kg4 55. Qe2+ Kh3
56. Rd3 Qc8 57. Qf1+ Kg4 58. Qd1+ Kh3 59. Qf1+ Kg4 60. Kh2 Kh5 61. Rd5+ (61.
Qd1+ $142 Kg6 62. Rd7 Qxd7 63. Qxd7 c2 64. Qd3+ Kh6 65. Qxc2 Kg7 66. Qc7+ Kg8
67. Qc8+ Kg7 68. Qd7+ Kg8 69. Qxb5) 61... Kg6 62. Qd3+ Kh6 63. Qe3+ (63. Rd7
$142 Qxd7 64. Qxd7 c2 65. Qc6 {[%mdl 64] Double Attack} Kg7 66. Qc7+ Kf8 67.
Qxc2 b4 68. Qc8+ Kg7 69. Qb7+ Kg8 70. Qxb4) 63... Kg7 64. Rxb5 Qd7 65. Rc5 (65.
Ra5 $142 Qd4 66. Ra7+ Kf8 67. Qh6+ Bg7 68. Ra8+ Ke7 69. Qg5+ Bf6 70. Qf5) 65...
Qd6 66. Rc4 Qd7 67. Qf4 Qd8 68. Rc7+ Kh8 69. Qc4 {Weighted Error Value:
White=0.22/Black=0.58} 1-0

[Event "25th European Club Cup Women 2021"]
[Site "Struga"]
[Date "2021.09.20"]
[Round "3.14"]
[White "Atalik, Ekaterina"]
[Black "Toncheva, Nadya"]
[Result "1-0"]
[WhiteElo "2429"]
[BlackElo "2178"]
[Annotator "NA"]
[PlyCount "47"]
[EventDate "2021.09.18"]
[EventType "team-tourn"]
[EventCountry "MKD"]
[SourceTitle "playchess.com"]
[Source "ChessBase"]
[SourceQuality "1"]
[TimeControl "40/5400+30:1800+30"]

1. d4 {[%emt 0:00:05]} d5 {[%emt 0:02:40]} 2. Nf3 {[%emt 0:00:25]} Nf6 {
[%emt 0:00:05]} 3. Bf4 {[%emt 0:00:06]} c5 {[%emt 0:00:04]} 4. e3 {[%emt 0:00:
18]} Nc6 {[%emt 0:00:05]} 5. Nbd2 {[%emt 0:00:25]} Qb6 {[%emt 0:00:29]} 6. dxc5
{[%emt 0:00:25]} Qxb2 {[%emt 0:00:28]} 7. Rb1 {[%emt 0:00:25]} Qc3 {[%emt 0:00:
11]} 8. Bb5 {[%emt 0:00:41]} e6 {[%emt 0:01:27]} 9. Be5 {[%emt 0:01:26]} Qxc5 {
[%emt 0:04:32]} 10. c4 {[%emt 0:02:48]} Bd7 {[%emt 0:08:48]} 11. Bxf6 {[%emt 0:
06:28]} gxf6 {[%emt 0:00:07]} 12. cxd5 {[%emt 0:00:23]} Qxd5 {[%emt 0:03:22]}
13. O-O {[%emt 0:04:34]} Nd8 {[%emt 0:24:40]} 14. Qa4 {[%emt 0:19:55]} a6 {
[%emt 0:07:48]} 15. Bxd7+ {[%emt 0:00:07]} Qxd7 {[%emt 0:00:03]} 16. Qf4 {
[%emt 0:01:32]} Be7 {[%emt 0:13:13]} 17. Ne4 {[%emt 0:11:45]} f5 {[%emt 0:04:
43]} 18. Rfd1 {[%emt 0:15:21]} Qc6 {[%emt 0:00:04]} 19. Ng3 {[%emt 0:00:35]}
Rc8 {[%emt 0:07:00]} 20. Ne5 {[%emt 0:06:57]} Qc5 {[%emt 0:02:15]} 21. Nd7 {
[%emt 0:07:04]} Qc7 {[%emt 0:01:29]} 22. Qh6 {[%emt 0:01:51]} f6 {[%emt 0:07:
24]} 23. Nh5 {[%emt 0:03:28]} Nc6 {[%emt 0:02:24]} 24. Qg7 {[%emt 0:01:50]} 1-0

[Event "25th European Club Cup Women 2021"]
[Site "Struga"]
[Date "2021.09.20"]
[Round "3.15"]
[White "Djukic, Sandra"]
[Black "Bulmaga, Irina"]
[Result "0-1"]
[WhiteElo "2127"]
[BlackElo "2407"]
[Annotator "NA"]
[PlyCount "92"]
[EventDate "2021.09.18"]
[EventType "team-tourn"]
[EventCountry "MKD"]
[SourceTitle "playchess.com"]
[Source "ChessBase"]
[SourceQuality "1"]
[TimeControl "40/5400+30:1800+30"]

1. d4 {[%emt 0:00:25]} Nf6 {[%emt 0:00:08]} 2. c4 {[%emt 0:00:07]} e6 {[%emt 0:
00:06]} 3. Nf3 {[%emt 0:00:05]} d5 {[%emt 0:00:06]} 4. Nc3 {[%emt 0:00:10]} Be7
{[%emt 0:00:07]} 5. Bg5 {[%emt 0:02:10]} h6 {[%emt 0:00:13]} 6. Bxf6 {[%emt 0:
01:56]} Bxf6 {[%emt 0:00:08]} 7. cxd5 {[%emt 0:01:16]} exd5 {[%emt 0:00:07]} 8.
e3 {[%emt 0:00:03]} O-O {[%emt 0:00:25]} 9. Rc1 {[%emt 0:03:43]} c6 {[%emt 0:
00:21]} 10. Bd3 {[%emt 0:00:07]} Nd7 {[%emt 0:03:24]} 11. O-O {[%emt 0:03:26]}
Re8 {[%emt 0:11:14]} 12. Qc2 {[%emt 0:12:56]} Nb6 {[%emt 0:01:32]} 13. h3 {
[%emt 0:06:37]} Bd7 {[%emt 0:04:51]} 14. Ne2 {[%emt 0:05:54]} Nc8 {[%emt 0:08:
12]} 15. Ng3 {[%emt 0:02:18]} Nd6 {[%emt 0:00:27]} 16. Qb3 {[%emt 0:25:53]} g6
{[%emt 0:17:01]} 17. Rfe1 {[%emt 0:05:39]} Rb8 {[%emt 0:04:28]} 18. Qa3 {
[%emt 0:07:44]} Be7 {[%emt 0:09:51]} 19. Qc3 {[%emt 0:01:46]} a5 {[%emt 0:01:
15]} 20. Red1 {[%emt 0:05:26]} f5 {[%emt 0:11:36]} 21. Ne5 {[%emt 0:01:30]} Kh7
{[%emt 0:00:28]} 22. a4 {[%emt 0:09:42]} Ne4 {[%emt 0:02:38]} 23. Bxe4 {
[%emt 0:00:39]} fxe4 {[%emt 0:00:09]} 24. Nxd7 {[%emt 0:02:20]} Qxd7 {[%emt 0:
00:24]} 25. b3 {[%emt 0:00:32]} Bb4 {[%emt 0:00:57]} 26. Qc2 {[%emt 0:00:02]}
Rf8 {[%emt 0:00:41]} 27. Qe2 {[%emt 0:00:04]} Bd6 {[%emt 0:01:19]} 28. Nf1 {
[%emt 0:00:21]} Rf5 {[%emt 0:00:29]} 29. Rc2 {[%emt 0:01:28]} Rbf8 {[%emt 0:00:
19]} 30. Ra1 {[%emt 0:00:37]} Rg5 {[%emt 0:00:36]} 31. Kh1 {[%emt 0:00:08]} Rf3
{[%emt 0:02:41]} 32. Ng3 {[%emt 0:00:46]} Bxg3 {[%emt 0:01:17]} 33. fxg3 {
[%emt 0:01:10]} Rfxg3 {[%emt 0:01:02]} 34. Rf1 {[%emt 0:00:00]} Rxh3+ {[%emt 0:
00:20]} 35. Kg1 {[%emt 0:00:00]} Rhg3 {[%emt 0:01:41]} 36. Rf2 {[%emt 0:00:51]}
h5 {[%emt 0:06:03]} 37. Qf1 {[%emt 0:00:20]} Rf5 {[%emt 0:01:40]} 38. Rxf5 {
[%emt 0:00:32]} gxf5 {[%emt 0:00:46]} 39. Qe1 {[%emt 0:00:03]} Qg7 {[%emt 0:01:
57]} 40. Qxa5 {[%emt 0:00:00]} Rxe3 {[%emt 0:00:00]} 41. Qd8 {[%emt 0:02:42]}
Rg3 {[%emt 0:04:49]} 42. Kh2 {[%emt 0:01:24]} Rg4 {[%emt 0:02:47]} 43. b4 {
[%emt 0:05:10]} f4 {[%emt 0:01:41]} 44. Re2 {[%emt 0:01:02]} Qxd4 {[%emt 0:06:
27]} 45. Qd7+ {[%emt 0:00:55]} Qg7 {[%emt 0:00:18]} 46. Qf5+ {[%emt 0:00:07]}
Kh6 {[%emt 0:00:13]} 0-1

[Event "25th European Club Cup Women 2021"]
[Site "Struga"]
[Date "2021.09.20"]
[Round "3.16"]
[White "Stojkovska, Monika"]
[Black "Galunova, Tsveta"]
[Result "0-1"]
[WhiteElo "2081"]
[BlackElo "2190"]
[Annotator "NA"]
[PlyCount "72"]
[EventDate "2021.09.18"]
[EventType "team-tourn"]
[EventCountry "MKD"]
[SourceTitle "playchess.com"]
[Source "ChessBase"]
[SourceQuality "1"]
[TimeControl "40/5400+30:1800+30"]

1. e4 {[%emt 0:00:05]} e5 {[%emt 0:00:08]} 2. Nf3 {[%emt 0:00:04]} Nc6 {
[%emt 0:00:07]} 3. Bc4 {[%emt 0:00:14]} Bc5 {[%emt 0:00:08]} 4. O-O {[%emt 0:
00:15]} Nf6 {[%emt 0:00:15]} 5. d3 {[%emt 1:32:22]} a6 {[%emt 0:02:24]} 6. c3 {
[%emt 0:00:00]} Ba7 {[%emt 0:00:37]} 7. a4 {[%emt 0:00:00]} h6 {[%emt 0:01:25]}
8. Re1 {[%emt 0:00:00]} O-O {[%emt 0:00:35]} 9. Nbd2 {[%emt 0:00:00]} Ng4 {
[%emt 0:08:45]} 10. Re2 {[%emt 0:00:00]} d6 {[%emt 0:01:01]} 11. h3 {[%emt 0:
00:00]} Nf6 {[%emt 0:00:18]} 12. b4 {[%emt 0:00:00]} Nh5 {[%emt 0:08:41]} 13.
Nf1 {[%emt 0:00:00]} Qf6 {[%emt 0:01:14]} 14. N1h2 {[%emt 0:00:00]} Nf4 {
[%emt 0:05:20]} 15. Bxf4 {[%emt 0:00:00]} Qxf4 {[%emt 0:00:55]} 16. b5 {
[%emt 0:00:00]} Nd8 {[%emt 0:11:19]} 17. d4 {[%emt 0:00:00]} exd4 {[%emt 0:03:
31]} 18. cxd4 {[%emt 0:00:00]} Ne6 {[%emt 0:07:48]} 19. bxa6 {[%emt 0:00:00]}
bxa6 {[%emt 0:00:19]} 20. Rb1 {[%emt 0:00:00]} Bb6 {[%emt 0:06:29]} 21. Bd5 {
[%emt 0:00:00]} Ra7 {[%emt 0:01:27]} 22. Qd2 {[%emt 0:00:00]} Bd7 {[%emt 0:08:
07]} 23. Qb4 {[%emt 0:00:00]} a5 {[%emt 0:01:51]} 24. Qc4 {[%emt 0:00:00]} h5 {
[%emt 0:04:16]} 25. Reb2 {[%emt 0:00:00]} Bc8 {[%emt 0:11:53]} 26. g3 {[%emt 0:
06:43]} Qf6 {[%emt 0:02:36]} 27. e5 {[%emt 0:00:39]} dxe5 {[%emt 0:02:30]} 28.
dxe5 {[%emt 0:00:14]} Qf5 {[%emt 0:07:15]} 29. Qh4 {[%emt 0:00:52]} Bb7 {
[%emt 0:01:10]} 30. Bxb7 {[%emt 0:01:14]} Rxb7 {[%emt 0:00:01]} 31. Kg2 {
[%emt 0:00:59]} Rbb8 {[%emt 0:00:17]} 32. Nf1 {[%emt 0:00:55]} Rbd8 {[%emt 0:
00:58]} 33. Ne3 {[%emt 0:01:08]} Bxe3 {[%emt 0:00:55]} 34. fxe3 {[%emt 0:00:00]
} Rd3 {[%emt 0:00:02]} 35. Rb3 {[%emt 0:01:04]} Rxb3 {[%emt 0:00:52]} 36. Rf1 {
[%emt 0:01:07]} Rb2+ {[%emt 0:01:01]} 0-1

[Event "25th European Club Cup Women 2021"]
[Site "Struga"]
[Date "2021.09.21"]
[Round "4.1"]
[White "Bivol, Alina"]
[Black "Shuvalova, Polina"]
[Result "1/2-1/2"]
[WhiteElo "2385"]
[BlackElo "2510"]
[Annotator "ChessBase"]
[PlyCount "134"]
[EventDate "2021.09.18"]
[EventType "team-tourn"]
[EventCountry "MKD"]
[SourceTitle "playchess.com"]
[Source "ChessBase"]
[SourceQuality "1"]
[TimeControl "40/5400+30:1800+30"]

1. e4 {[%emt 0:00:20]} e5 {[%emt 0:00:03]} 2. Nf3 {[%emt 0:00:09]} Nc6 {
[%emt 0:00:05]} 3. Bc4 {[%emt 0:00:05]} Bc5 {[%emt 0:00:06]} 4. c3 {[%emt 0:00:
41]} Nf6 {[%emt 0:00:05]} 5. d4 {[%emt 0:00:37]} exd4 {[%emt 0:00:05]} 6. e5 {
[%emt 0:00:04]} d5 {[%emt 0:00:09]} 7. Bb5 {[%emt 0:00:04]} Ne4 {[%emt 0:00:15]
} 8. cxd4 {[%emt 0:00:10]} Bb6 {[%emt 0:00:20]} 9. Be3 {[%emt 0:00:47]} O-O {
[%emt 0:00:38]} 10. Nc3 {[%emt 0:00:07]} Bg4 {[%emt 0:00:12]} 11. h3 {[%emt 0:
00:12]} Bh5 {[%emt 0:00:09]} 12. Qc2 {[%emt 0:01:42]} Nxc3 {[%emt 0:00:08]} 13.
bxc3 {[%emt 0:00:16]} f6 {[%emt 0:00:02]} 14. exf6 {[%emt 0:00:08]} Qxf6 {
[%emt 0:00:14]} 15. Be2 {[%emt 0:00:04]} Na5 {[%emt 0:02:32]} 16. O-O {[%emt 0:
02:19]} Bxf3 {[%emt 0:00:11]} 17. Bxf3 {[%emt 0:00:06]} c6 {[%emt 0:00:03]} 18.
Rae1 {[%emt 0:00:15]} Nc4 {[%emt 0:02:37]} 19. Bc1 {[%emt 0:01:16]} Bc7 {
[%emt 0:04:56]} 20. Bg4 {[%emt 0:01:23]} Rae8 {[%emt 0:01:31]} 21. Re2 {
[%emt 0:10:02]} Nd6 {[%emt 0:05:14]} 22. f4 {[%emt 0:11:32]} Ne4 {[%emt 0:09:
30]} 23. Qd3 {[%emt 0:06:33]} Qh4 {[%emt 0:06:39]} 24. c4 {[%emt 0:03:37]} h5 {
[%emt 0:08:11]} 25. Bd7 {[%emt 0:05:32]} Rd8 {[%emt 0:02:52]} 26. Be6+ {
[%emt 0:08:02]} Kh8 {[%emt 0:00:08]} 27. Rf3 {[%emt 0:05:06]} Bxf4 {[%emt 0:09:
42]} 28. Bxf4 {[%emt 0:06:04]} Rxf4 {[%emt 0:00:11]} 29. cxd5 {[%emt 0:05:04]}
cxd5 {[%emt 0:07:30]} 30. Rxf4 {[%emt 0:05:29]} Qxf4 {[%emt 0:00:06]} 31. Bxd5
{[%emt 0:03:32]} Qc1+ {[%emt 0:15:12]} 32. Kh2 {[%emt 0:01:52]} Qc7+ {[%emt 0:
00:38]} 33. Kg1 {[%emt 0:04:30]} Qc1+ {[%emt 0:02:22]} 34. Kh2 {[%emt 0:00:01]}
Qf4+ {[%emt 0:01:04]} 35. Kg1 {[%emt 0:02:42]} Ng3 {[%emt 0:01:40]} 36. Re1 {
[%emt 0:03:14]} b6 {[%emt 0:06:34]} 37. a4 {[%emt 0:07:31]} h4 {[%emt 0:00:52]}
38. Bc6 {[%emt 0:00:24]} Qxd4+ {[%emt 0:08:25]} 39. Qxd4 {[%emt 0:00:05]} Rxd4
{[%emt 0:00:03]} 40. Kf2 {[%emt 0:00:00]} Rf4+ {[%emt 0:00:00]} 41. Ke3 {
[%emt 0:01:40]} g5 {[%emt 0:01:13]} 42. a5 {[%emt 0:09:39]} bxa5 {[%emt 0:02:
28]} 43. Kd3 {[%emt 0:02:27]} Kg7 {[%emt 0:03:30]} 44. Re7+ {[%emt 0:02:04]}
Rf7 {[%emt 0:00:05]} 45. Re5 {[%emt 0:00:12]} Rf5 {[%emt 0:01:07]} 46. Re7+ {
[%emt 0:00:18]} Kf6 {[%emt 0:00:16]} 47. Rxa7 {[%emt 0:00:09]} Rc5 {[%emt 0:00:
12]} 48. Bf3 {[%emt 0:00:50]} Ke5 {[%emt 0:04:34]} 49. Ra8 {[%emt 0:01:31]} Nf5
{[%emt 0:05:52]} 50. Re8+ {[%emt 0:00:56]} Kf4 {[%emt 0:03:29]} 51. Re4+ {
[%emt 0:01:58]} Kg3 {[%emt 0:00:03]} 52. Rg4+ {[%emt 0:00:05]} Kf2 {[%emt 0:05:
43]} 53. Rxg5 {[%emt 0:00:43]} a4 {[%emt 0:00:06]} 54. Rg4 {[%emt 0:00:31]} Ra5
{[%emt 0:00:21]} 55. Re4 {[%emt 0:03:10]} a3 {[%emt 0:04:33]} 56. Re2+ {
[%emt 0:00:24]} Kf1 {[%emt 0:00:28]} 57. Ra2 {[%emt 0:00:15]} Re5 {[%emt 0:00:
58]} 58. Be4 {[%emt 0:01:27]} Nd6 {[%emt 0:00:15]} 59. Bf3 {[%emt 0:00:35]} Ra5
{[%emt 0:00:32]} 60. Kc3 {[%emt 0:01:06]} Nf5 {[%emt 0:00:51]} 61. Kb4 {
[%emt 0:00:54]} Ra7 {[%emt 0:00:25]} 62. Kc3 {[%emt 0:02:25]} Kg1 {[%emt 0:01:
28]} 63. Kd3 {[%emt 0:01:30]} Re7 {[%emt 0:00:44]} 64. Be4 {[%emt 0:01:32]} Ng3
{[%emt 0:00:58]} 65. Ra1+ {[%emt 0:01:14]} Kf2 {[%emt 0:00:40]} 66. Ra2+ {
[%emt 0:00:19]} Kg1 {[%emt 0:00:03]} 67. Ra1+ {[%emt 0:00:05]} Kf2 {[%emt 0:00:
02]} 1/2-1/2